Govt. of
Madhya Pradesh

Makers of Modern India (Record no. 7938)

MARC details
000 -LEADER
fixed length control field 003410000a22001450004500
003 - CONTROL NUMBER IDENTIFIER
control field MACL
040 ## - CATALOGING SOURCE
Original cataloging agency MACL
090 ## - LOCALLY ASSIGNED LC-TYPE CALL NUMBER (OCLC); LOCAL CALL NUMBER (RLIN)
-- 7988
-- 7987
100 ## - MAIN ENTRY--PERSONAL NAME
Personal name Indian Council of Historical Reasearch
245 ## - TITLE STATEMENT
Title Makers of Modern India
260 ## - PUBLICATION, DISTRIBUTION, ETC. (IMPRINT)
Name of publisher, distributor, etc. Indian Council of Historical Reasearch
Date of publication, distribution, etc. 1973
350 ## - PRICE (NR) (BK AM CF MU VM SE) [OBSOLETE]
Price 5
650 ## - SUBJECT ADDED ENTRY--TOPICAL TERM
Topical term or geographic name as entry element History
942 ## - ADDED ENTRY ELEMENTS (KOHA)
Koha item type Library Membar
Call number prefix 954
Holdings
Withdrawn status Lost status Damaged status Not for loan Home library Current library Date acquired Total Checkouts Full call number Barcode Checked out Date last seen Date last checked out Uniform Resource Identifier Price effective from Koha item type
        MACL MACL 15/04/2015 1 954 BOOK CRE1089 03/10/2015 19/09/2015 19/09/2015 7857 15/04/2015 Books